The Fundamental Elements of Strategy (Record no. 27631)

MARC details
000 -LEADER
fixed length control field 00906nam a2200121Ia 4500
008 - FIXED-LENGTH DATA ELEMENTS--GENERAL INFORMATION
fixed length control field 220620s9999||||xx |||||||||||||| ||und||
100 ## - MAIN ENTRY--PERSONAL NAME
Personal name Yu, Xiu-bao
245 #4 - TITLE STATEMENT
Title The Fundamental Elements of Strategy
Remainder of title Concepts, Theories and Cases
546 ## - LANGUAGE NOTE
Language note English[eng]
650 ## - SUBJECT ADDED ENTRY--TOPICAL TERM
Topical term or geographic name entry element Management||Operations Research/Decision Theory||Business and Management, general||Operations Research and Decision Theory||Business and Management||business strategy||competitive strategy||strategic decision||tactics and strategy||evaluation of strategy||assessment of strategy||future of strategy study||China's cases in management||open access||Management & management techniques||Operational research||Management decision making||Business & Management
856 ## - ELECTRONIC LOCATION AND ACCESS
Uniform Resource Identifier <a href="https://library.oapen.org/bitstream/20.500.12657/48258/1/9789813347137.pdf||https://library.oapen.org/bitstream/20.500.12657/48258/1/9789813347137.pdf">https://library.oapen.org/bitstream/20.500.12657/48258/1/9789813347137.pdf||https://library.oapen.org/bitstream/20.500.12657/48258/1/9789813347137.pdf</a>
942 ## - ADDED ENTRY ELEMENTS (KOHA)
Koha item type E-Books
Holdings
Withdrawn status Lost status Damaged status Not for loan Home library Current library Date acquired Total Checkouts Date last seen Price effective from Koha item type
        Kerala University of Digital Sciences, Innovation and Technology Knowledge Centre Kerala University of Digital Sciences, Innovation and Technology Knowledge Centre 20/06/2022   20/06/2022 20/06/2022 E-Books